Sanat - "Hengitä" - Mikko Harju - Statistics

Yleistilastot
  • Tätä visaa on pelattu 6 kertaa
  • Keskiarvotulos 101 / 121
Vastaustilastot
Vastaus % Oikein
Hengitä
100%
hengitä
100%
hyvin
100%
Jos
100%
jos
100%
joskus
100%
kaikki
100%
mielessä
100%
mörköjä
100%
ois
100%
on
100%
tänään
100%
vaik
100%
vaikka
100%
ehkä
80%
ei
80%
En
80%
enkä
80%
hetki
80%
hetkistä
80%
80%
matkasta
80%
mitään
80%
mut
80%
näistä
80%
nauti
80%
nautitaan
80%
oot
80%
seisot
80%
sen
80%
siinä
80%
sinua
80%
sinun
80%
tää
80%
tiedä
80%
tiedän
80%
tunne
80%
vahvana
80%
yhdessä
80%
jälkeen
60%
kaiken
60%
luotu
60%
pelkäämään
60%
sisällä
60%
sulla
60%
tuu
60%
uudestaan
60%
yksin
60%
ilmakehässä
40%
kauneus
40%
me
40%
meitä
40%
miljardia
40%
muista
40%
olla
40%
Samassa
40%
sattuis
40%
sattumalta
40%
sydäntä
40%
täällä
40%
seitsemän
20%
kuinka
0%
Ehtoja vastaavia visoja ei löytynyt
Tulosjakauma
Jokaisen tuloksen saaneiden osuus
Persentiili vastausten määrän mukaan
Tuloshistoriasi
Et ole pelannut tätä visaa